Build Icelandic municipality names - Statistics

General Stats
  • This quiz has been taken 258 times
  • The average score is 18 of 91
Answer Stats
Translation Answer Municipalities % Correct
Smoke REYK Reykhólahreppur
92%
Bay VÍK Bolungarvík | Reykjavík | Súðavík | Gríndavik
83%
Smoke REYKJA Reykjanesbær | Reykjavík
69%
Fjord FJÖRÐUR Grundarfjörður | Hafnarfjörður | Hornafjörður | Skagafjörður | Vopnafjörður
48%
Field AKUR Akureyri
44%
Spit (of land) EYRI Akureyri
41%
Cape NES Akranes | Árneshreppur | Grímsnes- og Grafningshreppur | Kaldrananeshreppur | Langanesbyggð | Reykjanesbær | Seltjarnarnes | Tjörneshreppur
41%
Town BÆR Garðabær | Ísafjarðarbær | Reykjanesbær | Snæfellsbær | Suðurnesjabær
39%
City BORG Árborg
38%
West VEST Vestmannaeyjar
37%
Island EYJA Eyja- og Miklaholtshreppur | Eyjafjarðarsveit
33%
River ÁR Árborg | Árneshreppur | Rangárþing eystra | Rangárþing ytra | Skaftárhreppur
30%
Valley DAL Dalvíkurbyggð
30%
Harbour HAFNAR Hafnarfjörður
30%
Ice ÍSA Ísafjarðarbær
30%
Seal SEL Seltjarnarnes
29%
Field AKRA Akranes
28%
Gate GRINDA Gríndavik
28%
Mountain FJALLA Fjallabyggð
27%
Inlet VOGUR Kópavogur
27%
Seal pup KÓPA Kópavogur
26%
Fjord FJARÐA Fjarðabyggð
25%
Garden GARÐA Garðabær
25%
Man MANNA Hrunamannahreppur | Vestmannaeyjar
24%
Settlement BYGGÐ Bláskógabyggð | Borgarbyggð | Dalabyggð | Dalvíkurbyggð | Fjallabyggð | Fjarðabyggð | Húnabyggð | Langanesbyggð | Skagabyggð | Strandabyggð | Vesturbyggð
22%
Fjord FJARÐAR Eyjafjarðarsveit | Hvalfjarðarsveit | Ísafjarðarbær | Tálknafjarðarhreppur
22%
Council ÞING Húnaþing vestra | Múlaþing | Norðurþing | Rangárþing eystra | Rangárþing ytra | Þingeyjarsveit
22%
Islands EYJAR Þingeyjarsveit | Vestmannaeyjar
21%
District HREPPUR Árneshreppur | Ásahreppur | Eyja- og Miklaholtshreppur | Fljótsdalshreppur | Flóahreppur | Grímsnes- og Grafningshreppur | Grýtubakkahreppur | Hrunamannahreppur | Kaldrananeshreppur | Mýrdalshreppur | Reykhólahreppur | Skaftárhreppur | Skeiða- og Gnúpverjahreppur | Skorradalshreppur | Svalbarðsstrandarhreppur | Tálknafjarðarhreppur | Tjörneshreppur
21%
South SUÐUR Suðurnesjabær
21%
Fall FELLS Snæfellsbær
19%
North NORÐUR Norðurþing
19%
Snow SNÆ Snæfellsbær
19%
Weapon VOPNA Vopnafjörður
19%
Urban BORGAR Borgarbyggð
18%
Ground GRUNDAR Grundarfjörður
18%
Moss MOSÓ Mosó (Mosfellsbær)
18%
District SVEIT Eyjafjarðarsveit | Hörgársveit | Hvalfjarðarsveit | Þingeyjarsveit
18%
Blue BLÁ Bláskógabyggð
17%
East EYSTRA Rangárþing eystra
16%
? HOLTS Eyja- og Miklaholtshreppur
16%
Corner HORNA Hornafjörður
16%
Whale HVAL Hvalfjarðarsveit
16%
Swamp MÝR Mýrdalshreppur
16%
Forest SKÓGA Bláskógabyggð
16%
West VESTUR Vesturbyggð
16%
Valley DALA Dalabyggð
15%
Yard GERÐI Hveragerði
15%
Mule? MÚLA Múlaþing
15%
Wrong RANG Rangárþing eystra | Rangárþing ytra
15%
West VESTRA Húnaþing vestra
15%
Hole? HÓLA Reykhólahreppur
14%
Penninsula SKAGA Skagabyggð | Skagafjörður | Skagaströnd
14%
Beach STRANDA Strandabyggð
14%
Hole? BOLUNGAR Bolungarvík
13%
Valley DALS Fljótsdalshreppur | Mýrdalshreppur | Skorradalshreppur
13%
? HÚNA Húnabyggð | Húnaþing vestra
13%
Hot spring HVERA Hveragerði
13%
Long LANGA Langanesbyggð
13%
South SUÐA Súðavík
13%
Bay VÍKUR Dalvíkurbyggð
13%
Outer YTRA Rangárþing ytra
13%
Islet HÓLMUR Stykkishólmur
12%
Shaft SKAFT Skaftárhreppur
12%
Pond TJARNAR Seltjarnarnes
12%
Ridge BARÐS Svalbarðsstrandarhreppur
11%
Cape NESJA Suðurnesjabær
11%
Cold SVAL Svalbarðsstrandarhreppur
11%
Ridge ÁSA Ásahreppur
10%
River FLJÓTS Fljótsdalshreppur
10%
Crash HRUNA Hrunamannahreppur
10%
Vote?? KJÓS Kjós (Kjósarhreppur)
10%
Beach STRÖND Skagaströnd
10%
Piece STYKKIS Stykkishólmur
10%
Inlet? VOGAR Vogar
10%
Gills? TÁLKNA Tálknafjarðarhreppur
9%
Pond? TJÖR Tjörneshreppur
9%
River FLÓA Flóahreppur
8%
Cold KALDRANA Kaldrananeshreppur
8%
? ÖLFUS Ölfus
8%
Spoon? SKEIÐA Skeiða- og Gnúpverjahreppur
8%
Bank BAKKA Grýtubakkahreppur
7%
GNÚP Skeiða- og Gnúpverjahreppur
7%
Name? GRÍMS Grímsnes- og Grafningshreppur
7%
Sanctuary HÖRG Hörgársveit
7%
? MIKLA Eyja- og Miklaholtshreppur
7%
Score? SKORRA Skorradalshreppur
7%
Beach STRANDAR Svalbarðsstrandarhreppur
7%
Burial?? GRAFNINGS Grímsnes- og Grafningshreppur
6%
Rock GRÝTU Grýtubakkahreppur
6%
VERJA Skeiða- og Gnúpverjahreppur
6%
No matching quizzes found
Score Distribution
Percent of People with Each Score
Percentile by Number Answered
Your Score History
You have not taken this quiz